Responses for show #6155 - Friday, May 20, 2011

Contestants

Tracey Davidson, a middle school secretary from Glen Allen, Virginia

Adam Kapp, a webmaster from West Chester, Pennsylvania

Matt Neville, a deli clerk from Hamden, Connecticut (whose 1-day cash winnings total $23,000)

Jeopardy! Round responses

THE STATE SHE GOVERNED
MUSICALS' OPENING NUMBERS
MALE NEWBORNS
ANCIENT MEASURES
WORLD OF SOUP
I WANT MY "M-T-V"
    $200 1
Alaska

Adam
    $200 17
Mary Poppins

Tracey
    $200 23
cubs

Tracey
    $200 7
foot

Matt
    $200 2
Japan

Adam
    $200 12
motive

Tracey
    $400 19
Texas

Matt
    $400 18
Oliver

Matt
    $400 24
fawns

Triple Stumper
    $400 8
decimal

Matt
    $400 3
mushrooms

Adam
    $400 13
motor vehicles

Tracey
    $600 20
(Matt: What is New Mexico?)

Arizona

MattAdam
    $600 21
My Fair Lady

Matt
    $600 25
a foal (or colt)

Adam
    $600 9
homer

Matt
    $600 4
gumbo

Tracey
    $600 14
most valuable player

Matt
    $800 28
New Jersey

Adam
    $800 22
A Chorus Line

Adam
    $800 26
a joey

Matt
    $1,500 10
a hand

Matt
    $800 5
(Adam: What is hot and sour soup?)

egg drop soup

Adam
Triple Stumper
    $800 15
mazel tov

Matt
    $1000 30
Kansas

Adam
    $1000 27
Scrooge

Triple Stumper
    $1000 29
(Tracey: What is a chick?)
(Alex: No. Be more specific on that.)
(Tracy: Mm.)
(Alex: We're going for the male, and that is the [*].)

squab

Tracey
Triple Stumper
    $1000 11
talent

Tracey
    $1000 6
Windsor

Matt
    $1000 16
molotov coctail

Tracey

Scores at the first commercial break (after clue 16):

Matt Adam Tracey
$5,100 $0 $3,200

Scores at the end of the Jeopardy! Round:

Matt Adam Tracey
$6,700 $3,800 $2,600

Double Jeopardy! Round responses

PHILOSOPHERS
THE ROLE IN COMMON
CARS OF THE FUTURE PRESENT
BIBLICAL FORGIVENESS
"PROD"UCT
PLACEMENT
    $400 6
(Peter) Abelard

Tracey
    $400 15
Babe Ruth

Adam
    $400 26
ethanol

Adam
    $400 21
Joseph

Matt
    $400 1
reproduction

Adam
    $400 5
(Alex: [*] in Rome, yes.)

the Colloseum

Matt
    $800 12
Thomas Aquinas

Matt
    $800 16
Malcolm X

Tracey
    $800 27
carbon

Matt
    $800 22
(Alex: Until you have forgiven your brothers, you cannot [*]. Should not [*].)

pray

Triple Stumper
    $800 2
a prodigy

Tracey
    $800 7
the Gobi

Tracey
    $1200 13
Kierkegaard

Tracey
    $1200 17
Fletcher Christian

Tracey
    $1200 28
lithium

Tracey
    $1200 23
the Prodigal Son

Adam
    $1200 3
a byproduct

Adam
    $1200 8
Florida

Tracey
    $1600 14
Rousseau

Adam
    $1600 18
(Alex: They all played [*], and won.)

Napoleon

Triple Stumper
    $1600 29
the X Prize

Adam
    $3,000 24
(Adam: What is cursing?)
(Alex: No. What is [*]? No forgiveness if you're blaspheming the Holy Ghost.)

blasphemy

Adam
    $1600 4
post-production

Adam
    $1600 9
Jamaica

Tracey
    $2000 20
Diogenes

Tracey
    $2,000 19
(Tracey: Oh, my!)
(Alex: Who is Wyatt Earp's best friend, [*]?)

Doc Holliday

Tracey
    $2000 30
(Alex: [*] event. Right you are.)

combustion

Tracey
    $2000 25
(Adam: Sins.)
(Matt: What are trespasses?)
...
(Alex: Yes, forgive our [*] as we forgive our debtors.)

debts

MattAdamTracey
    $2000 11
The Producers

Matt
    $2000 10
(Alex: [*], although the correct pronounciation is "Mah-ley.")

Male

Adam

Scores at the end of the Double Jeopardy! Round:

Matt Adam Tracey
$9,100 $9,200 $15,800

[wagering suggestions for these scores]

Final Jeopardy! Round responses

CANALS
MattWhat are the Baltic and the North Sea?
$9,100
AdamWhat are North and Atlan
$6,601
TraceyWhat are the
$2,500
the Baltic Sea & the North Sea

Final scores:

Matt Adam Tracey
$18,200 $2,599 $13,300
2-day champion: $41,200 3rd place: $1,000 2nd place: $2,000

Game dynamics:

Coryat scores:

Matt Adam Tracey
$8,400 $12,200 $17,800
16 R
(including 1 DD),
2 W
17 R,
3 W
(including 1 DD)
19 R,
2 W
(including 1 DD)

Combined Coryat: $38,400

The J! Archive is created by fans, for fans. The Jeopardy! game show and all elements thereof, including but not limited to copyright and trademark thereto, are the property of Jeopardy Productions, Inc. and are protected under law. This website is not affiliated with, sponsored by, or operated by Jeopardy Productions, Inc. Join the discussion at JBoard.tv.